[Event "Reunion op 17th"]
[Site "St Denis"]
[Date "2015.10.10"]
[Round "2"]
[White "Desor, Helmut"]
[Black "Vincent, Theo"]
[Result "1-0"]
[WhiteElo "1767"]
[BlackElo "1009"]
[PlyCount "48"]
[EventDate "2015.10.10"]
[EventType "swiss"]
[EventRounds "9"]
[EventCountry "RUF"]
[SourceTitle "CBM 168 Extra"]
[Source "ChessBase"]
[SourceDate "2015.10.29"]
[SourceVersion "1"]
[SourceVersionDate "2015.10.29"]
[SourceQuality "1"]

1. e4 e5 2. Bc4 Nf6 3. d3 Bc5 4. Nf3 Ng4 5. 0-0 Nc6 6. Ng5 Nxf2 7. Rxf2 Bxf2+ 8. Kxf2 Qf6+ 9. Qf3 Qxf3+ 10. Nxf3 0-0 11. Nc3 Nd4 12. Nxd4 exd4 13. Nb5 c5 14. Nd6 a6 15. Bd5 Ra7 16. Bg5 h6 17. Be7 a5 18. Bxf8 Kxf8 19. Nxc8 Ra6 20. Kg1 Ke8 21. e5 Kd8 22. Nd6 Rb6 23. b3 Rb4 24. a3 Rb5 1-0

[Event "Reunion op 17th"]
[Site "St Denis"]
[Date "2015.10.10"]
[Round "6"]
[White "Vincent, Theo"]
[Black "Boyer, Frederick"]
[Result "1-0"]
[WhiteElo "1009"]
[BlackElo "1200"]
[PlyCount "75"]
[EventDate "2015.10.10"]
[EventType "swiss"]
[EventRounds "9"]
[EventCountry "RUF"]
[SourceTitle "CBM 168 Extra"]
[Source "ChessBase"]
[SourceDate "2015.10.29"]
[SourceVersion "1"]
[SourceVersionDate "2015.10.29"]
[SourceQuality "1"]

1. e4 e5 2. Nf3 d6 3. d4 Nc6 4. Bc4 Nxd4 5. Nxd4 Bd7 6. Nf3 h6 7. Nc3 Nf6 8. Be3 c6 9. 0-0 b5 10. Bb3 c5 11. a3 Be7 12. Nd5 Nxe4 13. Nxe7 Qxe7 14. Qd5 Rc8 15. Qxe4 c4 16. Ba2 d5 17. Qh4 f6 18. b3 g5 19. Qh5+ Kf8 20. b4 d4 21. Bc1 e4 22. Nxd4 Qe5 23. Rd1 e3 24. Bxe3 Qe4 25. Qf3 Qxf3 26. Nxf3 Bf5 27. Nd4 Kg7 28. Nxf5+ Kg6 29. Ne7+ Kg7 30. Nxc8 Rxc8 31. Rd7+ Kg6 32. Rxa7 Re8 33. Bb1 Rd8 34. c3+ Kh5 35. f3 Rd1+ 36. Kf2 Kh4 37. g3+ Kh3 38. Bf5+ 1-0